000 00247nam a2200121Ia 4500
100 _a#N/A
942 _cBK
245 _aOCA: O RACLE Application Server 10g Administration
260 _b#N/A
082 _b22613
546 _aENGLISH
999 _c35425
_d35425